[Event "Aeroflot Open Rapid Qualifier 2013"]
[Site "Moscow RUS"]
[Date "2013.02.12"]
[Round "3.15"]
[White "Inarkiev, Ernesto"]
[Black "Krylov, Mikhail RUS"]
[Result "1-0"]
[WhiteTitle "GM"]
[BlackTitle "GM"]
[WhiteElo "2688"]
[BlackElo "2478"]
[WhiteFideId "4162722"]
[BlackFideId "4151364"]
[EventDate "2013.02.12"]

1. e4 d5 2. exd5 Nf6 3. d4 Nxd5 4. c4 Nb6 5. Nc3 e5 6. dxe5 Qxd1+ 7. Nxd1 Nc6 8.
f4 Be6 9. Ne3 Bc5 10. b3 O-O-O 11. a3 f6 12. f5 Bxe3 13. Bxe3 Bxf5 14. exf6 Rhe8
15. Kf2 Ne5 16. Bxb6 Ng4+ 17. Kg3 axb6 18. fxg7 Re7 19. h3 Ne3 20. Nf3 Rxg7+ 21.
Kf2 Nd1+ 22. Kg1 Be4 23. Ne1 Rd2 24. h4 Ne3 25. Rh2 Kd7 26. a4 c5 27. h5 h6 28.
Rc1 Rf7 29. Nf3 Bxf3 30. gxf3 Rxh2 31. Kxh2 Rxf3 32. Bh3+ Kd6 33. Rg1 Rf2+ 34.
Kg3 Rb2 35. Kf4 Rxb3 36. Rg6+ Ke7 37. Rg3 Rb4 38. Rxe3+ Kf8 39. Be6 Rxa4 40. Kf5
b5 41. Kf6 Ke8 42. Rd3 bxc4 43. Bf7+ 1-0

[Event "Aeroflot Open Rapid Qualifier 2013"]
[Site "Moscow RUS"]
[Date "2013.02.12"]
[Round "3.16"]
[White "Gabrielian, Artur"]
[Black "Ganguly, Surya Shekhar"]
[Result "0-1"]
[WhiteTitle "GM"]
[BlackTitle "GM"]
[WhiteElo "2579"]
[BlackElo "2626"]
[WhiteFideId "4131002"]
[BlackFideId "5002150"]
[EventDate "2013.02.12"]

1. e4 e6 2. d4 d5 3. Nc3 Bb4 4. e5 c5 5. a3 Bxc3+ 6. bxc3 Ne7 7. a4 Qa5 8. Qd2
Nbc6 9. Nf3 Bd7 10. dxc5 Qc7 11. Qg5 Ng6 12. Bb5 Ncxe5 13. Bxd7+ Nxd7 14. O-O
Nxc5 15. c4 Ne4 16. Qe3 Qxc4 17. Ba3 Qc3 18. Qc1 Rc8 19. Bb2 Qxc2 20. Bxg7 Rg8
21. Qh6 Ke7 22. Bd4 Qc7 23. Be3 Ne5 24. Nd4 Rg6 25. Qh4+ Nf6 26. Rac1 Nc4 27.
Bg5 Qe5 28. Nxe6 Kxe6 29. Bxf6 Qxf6 30. Qh3+ Qf5 31. Rce1+ Kf6 32. Qc3+ Ne5 33.
Qd4 Rxg2+ 34. Kh1 Rxh2+ 0-1

[Event "Aeroflot Open Rapid Qualifier 2013"]
[Site "Moscow RUS"]
[Date "2013.02.12"]
[Round "4.1"]
[White "Korobov, Anton"]
[Black "Evdokimov, Alexander A."]
[Result "1-0"]
[WhiteTitle "GM"]
[BlackTitle "GM"]
[WhiteElo "2702"]
[BlackElo "2558"]
[WhiteFideId "14105730"]
[BlackFideId "4139275"]
[EventDate "2013.02.12"]

1. d4 Nf6 2. c4 c5 3. d5 g6 4. Nc3 Bg7 5. e4 O-O 6. Nf3 d6 7. h3 e6 8. Bd3 exd5
9. exd5 Re8+ 10. Be3 Bh6 11. O-O Bxe3 12. fxe3 Nbd7 13. Qd2 Qe7 14. e4 Rf8 15.
Rae1 Ne5 16. Nxe5 Qxe5 17. Qf4 Kg7 18. Qxe5 dxe5 19. Rb1 b6 20. a3 Bd7 21. b4
Rac8 22. a4 cxb4 23. Rxb4 Rc5 24. Ra1 Ra8 25. a5 bxa5 26. Rb7 Kf8 27. Rf1 Bc8
28. Na4 Rxc4 29. Bxc4 Bxb7 30. Rxf6 Rc8 31. Bb3 Rc1+ 32. Kf2 Ke7 33. Rf3 Ba6 34.
d6+ Kd8 35. Rxf7 Rf1+ 36. Kg3 Rxf7 37. Bxf7 Bb5 38. Nc5 a4 39. Kg4 a3 40. Kg5
Bf1 41. Be6 1-0

[Event "Aeroflot Open Rapid Qualifier 2013"]
[Site "Moscow RUS"]
[Date "2013.02.12"]
[Round "4.2"]
[White "Guseinov, Gadir"]
[Black "Le, Quang Liem"]
[Result "1/2-1/2"]
[WhiteTitle "GM"]
[BlackTitle "GM"]
[WhiteElo "2623"]
[BlackElo "2705"]
[WhiteFideId "13401378"]
[BlackFideId "12401137"]
[EventDate "2013.02.12"]

1. e4 e6 2. d4 d5 3. Nd2 c5 4. Ngf3 cxd4 5. exd5 Qxd5 6. Bc4 Qd7 7. O-O Nf6 8.
Nb3 Nc6 9. Nbxd4 Nxd4 10. Nxd4 a6 11. Re1 Be7 12. Bf4 b5 13. Bb3 Bb7 14. c3 Nd5
15. Be5 O-O 16. Qg4 g6 17. Rad1 Rfe8 18. h4 Bd6 19. h5 Bxe5 20. Rxe5 Rad8 21.
hxg6 hxg6 22. Rde1 Kg7 23. Bc2 Nf6 24. Qg3 Bd5 25. Rg5 Nh7 26. Qe5+ Nf6 27. Qg3
Nh7 28. Qe5+ Nf6 1/2-1/2

[Event "Aeroflot Open Rapid Qualifier 2013"]
[Site "Moscow RUS"]
[Date "2013.02.12"]
[Round "4.3"]
[White "Gupta, Abhijeet"]
[Black "Eljanov, Pavel"]
[Result "0-1"]
[WhiteTitle "GM"]
[BlackTitle "GM"]
[WhiteElo "2612"]
[BlackElo "2678"]
[WhiteFideId "5010608"]
[BlackFideId "14102951"]
[EventDate "2013.02.12"]

1. d4 d5 2. c4 c6 3. Nf3 Nf6 4. Nc3 a6 5. e3 e6 6. c5 Nbd7 7. Qc2 Be7 8. Bd3 b6
9. b4 Qc7 10. O-O O-O 11. e4 bxc5 12. e5 c4 13. Bxc4 dxc4 14. exf6 Nxf6 15. a3
a5 16. bxa5 Rxa5 17. Ne5 Bd6 18. f4 c5 19. Nxc4 Ba6 20. Nxa5 Bxf1 21. dxc5 Bxc5+
22. Kxf1 Qxa5 23. Bd2 Qa6+ 24. Ne2 Rd8 25. a4 h5 26. h3 h4 27. Rd1 Ba7 28. a5
Nh5 29. Be1 Rc8 30. Qd3 Qc6 31. Rc1 Qa8 32. Rxc8+ Qxc8 33. Bxh4 Nxf4 34. Qd8+
Qxd8 35. Bxd8 Nd5 36. Nc1 f6 37. Nb3 Kf7 38. a6 Nb4 39. Bc7 Nxa6 40. Bd6 e5 41.
Ke2 Ke6 42. Bf8 g6 43. g4 Nc7 44. Bc5 Bxc5 45. Nxc5+ Kd5 46. Nd7 Ke6 47. Nc5+
Kd6 48. Ne4+ Ke7 49. Kf3 f5 50. gxf5 gxf5 51. Ng3 Kf6 52. h4 Ne6 53. Nh5+ Kf7
54. Ng3 Kg6 55. h5+ Kg5 56. Kf2 Ng7 0-1

[Event "Aeroflot Open Rapid Qualifier 2013"]
[Site "Moscow RUS"]
[Date "2013.02.12"]
[Round "4.4"]
[White "Rakhmanov, Aleksandr"]
[Black "Mamedov, Rauf"]
[Result "0-1"]
[WhiteTitle "GM"]
[BlackTitle "GM"]
[WhiteElo "2612"]
[BlackElo "2651"]
[WhiteFideId "4173708"]
[BlackFideId "13401653"]
[EventDate "2013.02.12"]

1. c4 Nf6 2. Nc3 g6 3. g3 Bg7 4. Bg2 O-O 5. e3 c6 6. Nge2 d5 7. cxd5 cxd5 8. d4
Nc6 9. Nf4 e6 10. O-O b6 11. b3 Ba6 12. Re1 Rc8 13. Ba3 Re8 14. Rc1 h5 15. h3
Ne7 16. Nd3 Nc6 17. Qd2 Bh6 18. Nb4 Nxb4 19. Bxb4 Qd7 20. Ne2 Ne4 21. Qb2 Rxc1
22. Nxc1 Rc8 23. a4 Qc7 24. Ne2 Qc2 25. Qxc2 Rxc2 26. Bxe4 dxe4 27. Nc3 Bd3 28.
Nb5 a6 29. Na3 Rb2 30. Rc1 Rxb3 31. Bd6 b5 32. axb5 axb5 33. Rc8+ Kh7 34. Rc7
Kg8 35. Rc8+ Kg7 36. Be5+ f6 37. Rc7+ Kg8 38. Bd6 g5 39. Rb7 g4 40. hxg4 hxg4
41. Kg2 Be2 42. Rc7 b4 43. Nc2 Rb1 0-1

[Event "Aeroflot Open Rapid Qualifier 2013"]
[Site "Moscow RUS"]
[Date "2013.02.12"]
[Round "4.5"]
[White "Sjugirov, Sanan"]
[Black "Vorobiov, Evgeny E."]
[Result "1-0"]
[WhiteTitle "GM"]
[BlackTitle "GM"]
[WhiteElo "2646"]
[BlackElo "2584"]
[WhiteFideId "4189302"]
[BlackFideId "4121341"]
[EventDate "2013.02.12"]

1. d4 d5 2. c4 dxc4 3. e4 Nc6 4. Nf3 Bg4 5. Be3 e6 6. Nc3 Qf6 7. Qa4 Bxf3 8.
gxf3 Bb4 9. O-O-O Ne7 10. Rg1 O-O-O 11. Rg3 h6 12. Bxc4 Bxc3 13. bxc3 Kb8 14.
Bb5 a6 15. Bxa6 bxa6 16. Qxa6 Na7 17. Kc2 Rd6 18. Rb1+ Rb6 19. d5 Nec8 20. Bxb6
cxb6 21. a4 exd5 22. a5 dxe4 23. axb6 Nc6 24. Ra1 Nb4+ 25. cxb4 Qc6+ 26. Kb3 Rd8
27. fxe4 Qxe4 28. Rc3 Qd5+ 29. Qc4 Nxb6 30. Qxd5 Rxd5 31. Rg1 g6 32. Re1 Rf5 33.
f3 Nd5 34. Rd3 Kb7 35. Re4 h5 36. Red4 Nf4 37. Rd7+ Kc8 38. Rd8+ Kc7 39. R3d7+
Kc6 40. Rd6+ Kc7 41. R8d7+ Kc8 42. Re7 Ne6 43. Rdd7 Rxf3+ 44. Ka4 Rf2 45. Rxf7
Rxh2 46. Rde7 Nd8 47. Rf8 Rd2 48. b5 h4 49. b6 h3 50. Rh8 h2 51. Reh7 Rd4+ 52.
Kb5 Rd5+ 53. Kc4 Rd6 54. Kc5 Rc6+ 55. Kb5 Rf6 56. b7+ 1-0

[Event "Aeroflot Open Rapid Qualifier 2013"]
[Site "Moscow RUS"]
[Date "2013.02.12"]
[Round "4.6"]
[White "Smagin, Sergey"]
[Black "Inarkiev, Ernesto"]
[Result "0-1"]
[WhiteTitle "GM"]
[BlackTitle "GM"]
[WhiteElo "2551"]
[BlackElo "2688"]
[WhiteFideId "4100425"]
[BlackFideId "4162722"]
[EventDate "2013.02.12"]

1. e4 c5 2. c3 Nf6 3. e5 Nd5 4. Nf3 e6 5. Na3 Nc6 6. Nc4 b5 7. Nd6+ Bxd6 8. exd6
Qb6 9. d4 O-O 10. Bd3 cxd4 11. O-O f5 12. cxd4 Nxd4 13. Nxd4 Qxd4 14. Bxb5 Qc5
15. a4 a6 16. Be2 Qxd6 17. b3 Qe5 18. Qd2 Qxa1 19. Bb2 Qa2 20. Bc4 Nb6 21. Qd4
Rf7 22. Ra1 Qxa1+ 23. Bxa1 Nxc4 24. bxc4 Rb8 25. h3 Rb1+ 26. Kh2 Bb7 27. Bc3 Bc6
28. a5 h6 29. Qd3 Rb3 30. Qc2 Ra3 31. f3 f4 32. Qd2 Ra4 33. Qd3 Ra2 34. Qb1 Re2
35. Qf1 Re3 36. Bd2 Ra3 37. c5 Rf5 38. Qxa6 Ra2 39. Qd3 Rd5 0-1

[Event "Aeroflot Open Rapid Qualifier 2013"]
[Site "Moscow RUS"]
[Date "2013.02.12"]
[Round "4.7"]
[White "Ganguly, Surya Shekhar"]
[Black "Tregubov, Pavel V."]
[Result "1-0"]
[WhiteTitle "GM"]
[BlackTitle "GM"]
[WhiteElo "2626"]
[BlackElo "2611"]
[WhiteFideId "5002150"]
[BlackFideId "4115341"]
[EventDate "2013.02.12"]

1. d4 Nf6 2. c4 e6 3. g3 d5 4. Nf3 dxc4 5. Bg2 Nc6 6. O-O Rb8 7. Nc3 b5 8. Ne5
Nxe5 9. dxe5 Nd7 10. Bc6 a6 11. Qd4 Bb7 12. Bxb7 Rxb7 13. Rd1 c6 14. Qg4 Qc8 15.
Ne4 Nxe5 16. Nd6+ Bxd6 17. Qxg7 Ng6 18. Rxd6 Rd7 19. Bf4 Rxd6 20. Bxd6 Qd7 21.
Rd1 f5 22. Qxd7+ Kxd7 23. Be5+ Ke7 24. Bxh8 Nxh8 25. b3 c3 26. b4 Nf7 27. Rc1 c5
28. Rxc3 c4 29. Ra3 Kd6 30. Rxa6+ Kd5 31. Kf1 c3 32. Ke1 Kc4 33. Rxe6 Kxb4 34.
Kd1 Ng5 35. Rc6 Ne4 36. f3 Nd2 37. Kc2 Nc4 38. e4 fxe4 39. fxe4 1-0

[Event "Aeroflot Open Rapid Qualifier 2013"]
[Site "Moscow RUS"]
[Date "2013.02.12"]
[Round "4.10"]
[White "Bryzgalin, Kirill"]
[Black "Jobava, Baadur"]
[Result "1/2-1/2"]
[WhiteTitle "GM"]
[BlackTitle "GM"]
[WhiteElo "2483"]
[BlackElo "2702"]
[WhiteFideId "4133285"]
[BlackFideId "13601520"]
[EventDate "2013.02.12"]

1. d4 Nf6 2. Nf3 d6 3. Bg5 e6 4. Nbd2 h6 5. Bh4 g5 6. Bg3 Nh5 7. e4 Bg7 8. c3 f5
9. Ng1 Nxg3 10. hxg3 Nd7 11. Qh5+ Kf8 12. Bd3 Nf6 13. Qe2 g4 14. O-O-O h5 15. f3
c6 16. Qf2 Kg8 17. Ne2 Rh6 18. Bc2 Bd7 19. Nc4 fxe4 20. Nxd6 exf3 21. gxf3 Qc7
22. Nc4 Rf8 23. Nf4 Nd5 24. Nxh5 Rxf3 25. Qd2 Be8 26. Nxg7 Rxh1 27. Nxe8 Rxd1+
28. Bxd1 Qxg3 29. Qg5+ Kf8 30. Bxf3 Qxf3 31. Qg7+ Kxe8 32. Nd6+ Kd8 33. Nxb7+
Kc8 34. Nd6+ Kd8 35. Nb7+ Kc8 36. Nd6+ 1/2-1/2

[Event "Aeroflot Open Rapid Qualifier 2013"]
[Site "Moscow RUS"]
[Date "2013.02.12"]
[Round "4.12"]
[White "Pridorozhni, Aleksei"]
[Black "Riazantsev, Alexander"]
[Result "0-1"]
[WhiteTitle "GM"]
[BlackTitle "GM"]
[WhiteElo "2523"]
[BlackElo "2705"]
[WhiteFideId "4127870"]
[BlackFideId "4125029"]
[EventDate "2013.02.12"]

1. e4 c6 2. Nc3 d5 3. Nf3 Bg4 4. h3 Bxf3 5. Qxf3 e6 6. d3 Nf6 7. g3 Bb4 8. Bd2
Nbd7 9. Bg2 d4 10. Nb1 Qb6 11. b3 e5 12. O-O h6 13. Qe2 Bxd2 14. Nxd2 Qc5 15. f4
O-O-O 16. Nc4 Kb8 17. a4 Qe7 18. a5 a6 19. Rf2 Ne8 20. fxe5 Nxe5 21. Nxe5 Qxe5
22. Rxf7 Nd6 23. Rf3 Rhf8 24. Raf1 Rxf3 25. Qxf3 Qxa5 26. Qf4 Qc7 27. e5 Nb5 28.
Re1 Re8 29. h4 Re7 30. Kh2 Ka7 31. Qe4 Qb6 32. Qf4 Qc5 33. Re2 Nc7 34. Qf5 Nb5
35. Qf4 Re8 36. Qf5 Qe7 37. Qg6 Rf8 38. Kg1 Kb6 39. Re1 Qf7 40. Qxf7 Rxf7 41.
Re4 Kc5 42. Kh2 Kb4 43. c4 Nc7 44. Rxd4 Kxb3 45. Bh3 Re7 46. e6 Nxe6 47. Re4 Kc3
48. Rxe6 Rxe6 49. Bxe6 c5 50. Kh3 Kxd3 51. Kg4 a5 52. Kf5 a4 53. Kg6 a3 54. Kxg7
a2 55. Kxh6 a1=Q 56. Kg6 Qe1 57. Bf5+ Kxc4 58. h5 Qxg3+ 59. Kf6 Qf4 60. Kg6 Kd4 0-1

[Event "Aeroflot Open Rapid Qualifier 2013"]
[Site "Moscow RUS"]
[Date "2013.02.12"]
[Round "4.14"]
[White "Zvjaginsev, Vadim"]
[Black "Khusnutdinov, Rustam"]
[Result "1/2-1/2"]
[WhiteTitle "GM"]
[BlackTitle "GM"]
[WhiteElo "2658"]
[BlackElo "2493"]
[WhiteFideId "4113403"]
[BlackFideId "13701703"]
[EventDate "2013.02.12"]

1. c4 Nf6 2. Nc3 d5 3. cxd5 Nxd5 4. g3 g6 5. Bg2 Nxc3 6. bxc3 Bg7 7. h4 c6 8. h5
Qa5 9. h6 Bf6 10. Nf3 Nd7 11. O-O Nb6 12. a4 Bg4 13. Nh2 Be6 14. e4 Rd8 15. Qf3
Bc4 16. Ng4 Bg5 17. Re1 Rd3 18. Ne3 Be6 19. Qe2 Rd8 20. d4 O-O 21. d5 Bxe3 22.
Bxe3 cxd5 23. Bxb6 axb6 24. exd5 Rxd5 25. Bxd5 Qxd5 26. Qe5 Qxe5 27. Rxe5 Rc8
28. Rb5 Rxc3 29. Rd1 Rc8 30. Rxb6 Bg4 31. Rd3 Bf5 32. Rd4 e5 33. Rdb4 Rc1+ 34.
Kh2 Bc8 35. Rd6 Kf8 36. Rd8+ Ke7 37. Rh8 Kf6 38. Rxh7 Be6 39. Rb6 Rc2 40. Kg1
Rc1+ 41. Kg2 Kf5 42. Rb5 Bc4 43. f3 Rc2+ 44. Kg1 Rc1+ 45. Kf2 Rc2+ 46. Ke1 Bxb5
47. Rxf7+ Ke6 48. Rf8 Re2+ 49. Kd1 Rh2 50. axb5 Rxh6 51. Rg8 Kf6 52. Rb8 Rh3 53.
Rxb7 Rxg3 54. Ke2 1/2-1/2

[Event "Aeroflot Open Rapid Qualifier 2013"]
[Site "Moscow RUS"]
[Date "2013.02.12"]
[Round "4.15"]
[White "Iturrizaga, Eduardo"]
[Black "Bukavshin, Ivan"]
[Result "1/2-1/2"]
[WhiteTitle "GM"]
[BlackTitle "GM"]
[WhiteElo "2646"]
[BlackElo "2522"]
[WhiteFideId "3901211"]
[BlackFideId "4199758"]
[EventDate "2013.02.12"]

1. Nf3 d5 2. c4 d4 3. g3 Nc6 4. Bg2 e5 5. d3 Nf6 6. O-O a5 7. e3 dxe3 8. Bxe3
Be7 9. h3 O-O 10. Nc3 Re8 11. Re1 Bf8 12. d4 exd4 13. Nxd4 Nxd4 14. Qxd4 c6 15.
Qh4 Be6 16. Rad1 Qc7 17. Na4 Rad8 18. Bb6 Rxd1 19. Rxd1 Qe5 20. Qd4 Qxd4 21.
Rxd4 Nd7 22. Bc7 Rc8 23. Bd6 Bxd6 24. Rxd6 Kf8 25. b3 Ke7 26. Rd3 b5 27. cxb5
cxb5 28. Nc3 b4 29. Nd5+ Bxd5 30. Rxd5 Rc5 31. Rd2 Rc3 32. Bd5 Nb6 33. Be4 h6
34. Kg2 Nd7 1/2-1/2

[Event "Aeroflot Open Rapid Qualifier 2013"]
[Site "Moscow RUS"]
[Date "2013.02.12"]
[Round "4.16"]
[White "Yilmaz, Mustafa"]
[Black "Belov, Vladimir"]
[Result "1-0"]
[WhiteTitle "GM"]
[BlackTitle "GM"]
[WhiteElo "2531"]
[BlackElo "2641"]
[WhiteFideId "6302718"]
[BlackFideId "4132394"]
[EventDate "2013.02.12"]

1. d4 Nf6 2. c4 g6 3. Nc3 d5 4. Nf3 Bg7 5. Bg5 c5 6. dxc5 Qa5 7. cxd5 Nxd5 8.
Qxd5 Bxc3+ 9. Bd2 Be6 10. Qxb7 Bxd2+ 11. Nxd2 O-O 12. a3 Nd7 13. b4 Qa4 14. e3
a6 15. Be2 Rfb8 16. Qc7 Qc2 17. Bf3 Rc8 18. Qf4 Rab8 19. Bd1 Qd3 20. Qd4 Qb5 21.
Be2 Qb7 22. O-O Rd8 23. Qc3 Nf6 24. Bf3 Qc7 25. Rac1 Bd5 26. e4 Bc6 27. Rfe1 Qf4
28. Re3 Bb5 29. g3 Qc7 30. Nc4 h5 31. Nb6 Bc6 32. e5 Ng4 33. Bxg4 hxg4 34. e6 f6
35. Qc4 Bf3 36. Nd7 Kg7 37. Rxf3 gxf3 38. Nxb8 Qxb8 39. Qe4 a5 40. c6 axb4 41.
axb4 Qd6 42. Qxf3 Qxb4 43. c7 Rc8 44. Qc6 Qd2 45. Kg2 g5 46. Rc2 Qd1 47. Rc1 Qd2
48. h3 Qb2 49. Rd1 Kg6 50. Qe4+ f5 51. Qc6 Qe5 52. Rd7 Kf6 53. Qb7 Qe4+ 54. Qxe4
fxe4 55. Rd4 e3 56. Rc4 e2 57. Re4 Rxc7 58. Rxe2 Kf5 59. Re3 Rc1 60. g4+ Kg6 61.
Kf3 Rc6 62. Kg3 Rc1 63. f4 gxf4+ 64. Kxf4 Kf6 65. g5+ Kg6 66. h4 Rc4+ 67. Re4
Rc1 68. Ke5 Rc5+ 69. Kd4 Ra5 70. Rf4 Ra4+ 71. Ke5 Ra5+ 72. Ke4 Ra4+ 73. Kf3 Ra1
74. Rf7 Rh1 75. Kg3 Rg1+ 76. Kh2 Ra1 77. Rxe7 Kf5 78. Rf7+ Kg4 79. e7 Re1 80. g6
Re2+ 81. Kg1 Kg3 82. Kf1 1-0